01104naa#a2200229#i#4500001001600000005001700016011001400033100004100047102000700088200018000095210011800275215001000393608004500403675009500448686006400543700004800607700005400655700005000709700004800759700005200807856001500859RU\\bibl\12046820260502065749.6##a2782-5957##a20260430b2026####ek#y0rusy0150####ca##aRU1#aПОВЫШЕНИЕ ДОЛГОВЕЧНОСТИ ДЕТАЛЕЙ ПУТЕВЫХ МАШИН ЭЛЕКТРОХИМИЧЕСКИМИ СПЛАВАМИeЖурнальная статья1#aБрянскcБрянский государственный технический университетd2026##a6 с.##aЖурнальная статья2local##aПромышленная электрохимия. Гальванотехника. 621.357##aЖелезнодорожный транспорт. 3922bbk#1aКисельgЮрий Евгеньевич#1aЗятиковgАлексей Сергеевич#1aСимохинgСергей Петрович#1aКисельgПетр Евгеньевич#1aНикитинgАнтон Михайлович4#anaukaru.ru